Estadios de Colombia - Estadísticas

Estadísticas generales
  • Esta prueba ha sido intentada 105 veces
  • La puntuación promedio es 6 de 14
Estadísticas de respuestas
Aforo Estadio % Correcto
50000 Metropolitano Roberto Meléndez (Barranquilla)
91%
36300 Nemesio Camacho "El Campin" (Bogotá DC)
91%
48700 Atanasio Girardot (Medellín)
88%
37900 Olímpico Pascual Gurrero (Cali)
69%
44000 Deportivo Cali (Palmira)
65%
36000 Palogrande (Manizales)
51%
28100 Manuel Murillo Toro (Ibagué)
36%
30300 Hernán Ramírez Villegas (Pereira)
35%
42900 General Santander (Cúcuta)
28%
28000 Alfonso López (Bucaramanga)
21%
20700 Centenario (Armenia)
21%
20000 La libertad (Pasto)
18%
20600 La independencia (Tunja)
13%
22000 Eduardo Santos (Santa Marta)
1%
No se encontraron pruebas coincidentes
Distribución de puntuación
Porcentaje de gente con cada puntuación
Porcentaje por número respondido
Historial de tus puntuaciones
No has intentado esta prueba.